| 000 | 01427nam a22003257a 4500 | ||
|---|---|---|---|
| 003 | OSt | ||
| 005 | 20260406040625.0 | ||
| 008 | 260331b |||||||| |||| 00| 0 eng d | ||
| 040 |
_aCvSU-CCAT Campus Library. _bEnglish. _cCvSU-CCAT Campus Library. _erda. |
||
| 050 |
_aUM HF 5415 _bD67 2023 |
||
| 100 |
_aDoria, Jonathan T., author. _920078 |
||
| 245 |
_aEvaluating client retention strategies of health and fitness enterprises in selected areas of Cavite / _cJonathan T. Doria, Riv Ailen F. Pangilinan, Mhea S. Villatura. |
||
| 260 |
_aRosario, Cavite : _bCavite State University-CCAT Campus, _c2023. |
||
| 300 |
_aii, 74 leaves : _billustrations ; _c28 cm |
||
| 500 | _aUndergraduate Thesis (BSBA) -- Cavite State University-CCAT Campus, 2023. | ||
| 504 | _aIncludes bibliographical references. | ||
| 546 | _aIn English text. | ||
| 650 |
_aCustomer retention _920079 |
||
| 650 |
_aCustomer relations _910131 |
||
| 650 |
_aHealth clubs -- Management _920080 |
||
| 650 |
_aFitness centers -- Marketing _920081 |
||
| 650 |
_aCavite (Philippines) -- Commerce _918868 |
||
| 650 |
_aService Marketing _920082 |
||
| 700 |
_aPangilinan, Riv Alein F., author. _920084 |
||
| 700 |
_aVillatura, Mhea S., author. _920084 |
||
| 700 |
_aPerez, Richard P., adviser. _96637 |
||
| 700 |
_aAbug, Nerisa B., technical critic. _99248 |
||
| 942 |
_2lcc _cT/M/D _hHF 5415 D67 2023 _kUM |
||
| 999 |
_c5087 _d5087 |
||